[Event "C.to Mondiale U18 femminile"]
[Site "Maribor SLO"]
[Date "2012.11.08"]
[Round "1"]
[White "Brunello, Marina"]
[Black "Bengtsson, Jessica"]
[WhiteElo "2248"]
[BlackElo "1908"]
[Result "1-0"]
[PlyCount "85"]
[EventDate "2012.11.08"]

1. e4 c5 2. c3 Nf6 3. e5 Nd5 4. d4 cxd4 5. Nf3 e6 6. cxd4 d6 7. Bc4 Nc6 8. O-O
Be7 9. exd6 Qxd6 10. Nc3 Nxc3 11. bxc3 O-O 12. Re1 b6 13. Ng5 h6 14. Ne4 Qc7
15. Qg4 f5 16. Qg3 Qxg3 17. Nxg3 Nd8 18. d5 Kh8 19. dxe6 Bb7 20. Nh5 Rc8 21.
Bb3 Kh7 22. Nf4 g6 23. Bb2 Bc6 24. Rad1 Rc7 25. Nd5 Bxd5 26. Rxd5 Nb7 27. Rd7
Rfc8 28. Ba3 Nc5 29. Bxc5 bxc5 30. Bc4 Kg7 31. Ba6 Kf6 32. Bxc8 Rxc8 33. Rxa7
Rb8 34. Ra6 Rb2 35. Rc1 c4 36. Rc6 Rxa2 37. Rxc4 Kxe6 38. Re1+ Kd7 39. g3 h5
40. Rd4+ Ke8 41. Rd6 Ra3 42. Rde6 Ra7 43. Rxg6 1-0

[Event "C.to Mondiale U18 femminile"]
[Site "Maribor SLO"]
[Date "2012.11.08"]
[Round "1"]
[White "Santeramo, Alessia Carmen"]
[Black "Lach, Aleksandra"]
[WhiteElo "1865"]
[BlackElo "2170"]
[Result "0-1"]
[PlyCount "90"]
[EventDate "2012.11.08"]

1. e4 c5 2. Nf3 d6 3. d4 cxd4 4. Qxd4 Nc6 5. Bb5 Bd7 6. Bxc6 Bxc6 7. Nc3 Nf6 8.
Bg5 e6 9. Qd3 Be7 10. Nd4 O-O 11. O-O-O Qa5 12. f4 a6 13. Kb1 Rac8 14. g4 Rfd8
15. h4 b5 16. Bxf6 Bxf6 17. g5 Bxd4 18. Qxd4 Ba8 19. Rhe1 Rc4 20. Qd3 Rdc8 21.
Rc1 b4 22. Nd1 d5 23. exd5 Bxd5 24. b3 Rxf4 25. h5 Rg4 26. g6 hxg6 27. Ne3 Be4
28. Qe2 Rf4 29. Qh2 g5 30. h6 Rh4 31. Qg3 gxh6 32. Ng4 Bg6 33. Re5 Qc7 34. Re3
Qxg3 35. Rxg3 Kg7 36. Ne5 Bf5 37. Nc4 Rg8 38. Rf1 Rh2 39. Ne3 Bg6 40. Rc1 f5
41. Nc4 f4 42. Rg4 Kf6 43. Rgg1 e5 44. Rh1 Rxh1 45. Rxh1 h5 0-1

[Event "C.to Mondiale U18 femminile"]
[Site "Maribor SLO"]
[Date "2012.11.09"]
[Round "2"]
[White "Carli, Lara"]
[Black "Santeramo, Alessia Carmen"]
[WhiteElo "1646"]
[BlackElo "1865"]
[Result "0-1"]
[PlyCount "84"]
[EventDate "2012.11.08"]

1. d4 d5 2. c4 c6 3. Nf3 Nf6 4. Qc2 g6 5. e3 Bf5 6. Bd3 Bxd3 7. Qxd3 Bg7 8. Nc3
O-O 9. O-O Re8 10. Ne5 Nbd7 11. f4 Nb6 12. c5 Nbd7 13. Rb1 Nxe5 14. fxe5 Nd7
15. e4 dxe4 16. Qxe4 f6 17. e6 f5 18. Qe3 Nxc5 19. Rd1 Na6 20. d5 Qb6 21. Na4
Qxe3+ 22. Bxe3 cxd5 23. Rxd5 Nc7 24. Rd7 Nxe6 25. Rxb7 Nd4 26. Rd1 e5 27. Bxd4
exd4 28. Kf2 Rec8 29. Ke2 Rc4 30. b3 Rc2+ 31. Rd2 Re8+ 32. Kd3 Rcc8 33. Re2
Rxe2 34. Kxe2 Rc2+ 35. Kf3 d3 36. Rd7 d2 37. Ke2 Bh6 38. a3 Rc1 39. Rxd2 Bxd2
40. Kxd2 Rh1 41. h3 Rh2 42. Nc3 Rxg2+ 0-1

[Event "C.to Mondiale U18 femminile"]
[Site "Maribor SLO"]
[Date "2012.11.10"]
[Round "3"]
[White "Brunello, Marina"]
[Black "Lach, Aleksandra"]
[WhiteElo "2248"]
[BlackElo "2170"]
[Result "0-1"]
[PlyCount "90"]
[EventDate "2012.11.08"]

1. e4 c6 2. d4 d5 3. e5 c5 4. c4 e6 5. Nf3 Nc6 6. Nc3 cxd4 7. Nxd4 a6 8. Nf3
Bb4 9. Bd2 Nge7 10. Bd3 Ng6 11. Bxg6 hxg6 12. Qe2 Ne7 13. O-O Bxc3 14. Bxc3
dxc4 15. Qxc4 b5 16. Qe4 Qd5 17. Qe2 Bb7 18. Bb4 Qe4 19. Qxe4 Bxe4 20. Bxe7
Kxe7 21. Nd4 Rac8 22. Rac1 Bd5 23. a3 g5 24. Nc2 Bc4 25. Rfe1 Rhd8 26. Ne3 Bb3
27. Kf1 Rxc1 28. Rxc1 Rd2 29. Rc7+ Ke8 30. Ra7 Rxb2 31. Rxa6 f6 32. exf6 gxf6
33. Ke1 Ke7 34. Rb6 Ba4 35. Nc4 Rb1+ 36. Ke2 f5 37. Rb7+ Kf6 38. g3 Bd1+ 39.
Kd2 Bf3 40. Rf7+ Kxf7 41. Ne5+ Kf6 42. Nxf3 e5 43. Ne1 Ra1 44. Nc2 Rf1 45. Ke2
Rh1 0-1

[Event "C.to Mondiale U18 femminile"]
[Site "Maribor SLO"]
[Date "2012.11.10"]
[Round "3"]
[White "Santeramo, Alessia Carmen"]
[Black "Ainutdinova, Yekaterina"]
[WhiteElo "1865"]
[BlackElo "2039"]
[Result "0-1"]
[PlyCount "117"]
[EventDate "2012.11.08"]

1. e4 e5 2. Nf3 Nc6 3. Bb5 a6 4. Ba4 Nf6 5. O-O Be7 6. Re1 b5 7. Bb3 d6 8. c3
O-O 9. h3 Nb8 10. d4 Nbd7 11. Nbd2 Bb7 12. Bc2 Re8 13. Nf1 Bf8 14. Ng3 g6 15.
Nh2 d5 16. dxe5 Nxe4 17. Nxe4 dxe4 18. Bxe4 Bxe4 19. Rxe4 Nxe5 20. Re1 Bc5 21.
Qxd8 Raxd8 22. Bg5 Nd3 23. Rxe8+ Rxe8 24. Ng4 Re1+ 25. Rxe1 Nxe1 26. Nf6+ Kg7
27. Ne8+ Kf8 28. Nxc7 Nd3 29. Bh4 Nxb2 30. Nxa6 Bd6 31. Nb4 Be5 32. Nd5 Na4 33.
Be7+ Ke8 34. Bb4 Kd7 35. f4 Ke6 36. fxe5 Kxd5 37. Kf2 Kxe5 38. Ke3 Kd5 39. Kd3
Nc5+ 40. Kc2 Kc4 41. Ba5 Ne4 42. a3 Nf6 43. Bb6 Nd5 44. Bd4 Nf4 45. g3 Nxh3 46.
Be3 f6 47. Bd4 f5 48. Be3 g5 49. Kd2 f4 50. gxf4 Nxf4 51. Bd4 Nd5 52. Be5 h5
53. Bd4 g4 54. Bf2 Nxc3 55. Bh4 Nb1+ 56. Ke3 Nxa3 57. Bf6 b4 58. Kf4 b3 59. Kg3
0-1

[Event "C.to Mondiale U18 femminile"]
[Site "Maribor SLO"]
[Date "2012.11.11"]
[Round "4"]
[White "Lee, Melissa"]
[Black "Santeramo, Alessia Carmen"]
[WhiteElo "1565"]
[BlackElo "1865"]
[Result "0-1"]
[PlyCount "87"]
[EventDate "2012.11.08"]

1. e4 c5 2. Nf3 e6 3. d4 cxd4 4. Nxd4 a6 5. Nc3 Qc7 6. g3 Nf6 7. Bg2 Bb4 8. Qd3
d6 9. O-O Nbd7 10. Nb3 O-O 11. a3 Bxc3 12. bxc3 Ne5 13. Qd1 Rd8 14. Bb2 Nc4 15.
Rb1 Nxb2 16. Rxb2 Qxc3 17. Rb1 e5 18. Qd3 Qxd3 19. cxd3 Be6 20. Nd2 b5 21. Rfc1
Rac8 22. h3 Nd7 23. Kf1 Nc5 24. Ke2 Na4 25. Ke3 Nc3 26. Rb2 Rc5 27. Rf1 Na4 28.
Rbb1 Rc3 29. f4 Rxa3 30. f5 Bc4 31. Nxc4 bxc4 32. Rfc1 Rxd3+ 33. Kf2 c3 34. Rb4
Nb2 35. Bf1 Rd2+ 36. Kf3 Nd3 37. Bxd3 Rxd3+ 38. Kf2 Rc8 39. Ra4 Rc6 40. Rb4 h6
41. h4 c2 42. Rb2 Rd2+ 43. Ke3 Rh2 44. Kf3 0-1

[Event "C.to Mondiale U18 femminile"]
[Site "Maribor SLO"]
[Date "2012.11.11"]
[Round "4"]
[White "Saranya, J."]
[Black "Brunello, Marina"]
[WhiteElo "2166"]
[BlackElo "2248"]
[Result "0-1"]
[PlyCount "80"]
[EventDate "2012.11.08"]

1. e4 c5 2. Nf3 d6 3. Bb5+ Nd7 4. c3 Ngf6 5. Qe2 a6 6. Ba4 Qc7 7. d3 g6 8. O-O
Bg7 9. Bc2 O-O 10. Nh4 b5 11. f4 Bb7 12. Nd2 Rfe8 13. Ndf3 e5 14. f5 c4 15. Ng5
cxd3 16. Bxd3 d5 17. fxg6 hxg6 18. Bc2 dxe4 19. Nxf7 Kxf7 20. Bb3+ Ke7 21.
Nxg6+ Kd8 22. Bg5 Kc8 23. Kh1 Bc6 24. Bf7 Kb7 25. Bxe8 Rxe8 26. c4 Qd6 27. Nh4
Qd3 28. Qe1 e3 29. Nf5 Bf8 30. Nxe3 Bc5 31. cxb5 axb5 32. Rc1 Bxe3 33. Bxe3
Bxg2+ 34. Kxg2 Rg8+ 35. Kh3 Rh8+ 36. Kg2 Rg8+ 37. Kh3 Rh8+ 38. Kg2 Rg8+ 39. Kh3
Qe4 40. Rg1 Qf5+ 0-1

[Event "C.to Mondiale U18 femminile"]
[Site "Maribor SLO"]
[Date "2012.11.12"]
[Round "5"]
[White "Brunello, Marina"]
[Black "Kurbonboeva, Sarvinoz"]
[WhiteElo "2248"]
[BlackElo "2111"]
[Result "1/2-1/2"]
[PlyCount "81"]
[EventDate "2012.11.08"]

1. e4 c5 2. c3 d5 3. exd5 Qxd5 4. d4 e6 5. Nf3 Nf6 6. Be2 Nc6 7. O-O cxd4 8.
cxd4 Be7 9. Nc3 Qd6 10. Be3 O-O 11. Rc1 Rd8 12. Qc2 Nb4 13. Qb1 Nbd5 14. Ne5
Bd7 15. Bf3 Rac8 16. Rfd1 Bc6 17. Nxc6 Rxc6 18. Nb5 Qd7 19. Rxc6 Qxc6 20. Qd3
Qb6 21. Qb3 Rc8 22. Rc1 Rxc1+ 23. Bxc1 a6 24. Nc3 Qxb3 25. axb3 b5 26. Bg5 Kf8
27. Nxd5 Nxd5 28. Bxd5 Bxg5 29. Bb7 a5 30. Bc6 Bf6 31. Bxb5 Bxd4 32. b4 axb4
33. b3 Ke7 34. Kf1 Kd6 35. Ke2 Bc3 36. g4 f6 37. Bd3 h6 38. Ke3 g5 39. Ke4 Bd2
40. Bb5 Be1 41. f3 1/2-1/2

[Event "C.to Mondiale U18 femminile"]
[Site "Maribor SLO"]
[Date "2012.11.12"]
[Round "5"]
[White "Santeramo, Alessia Carmen"]
[Black "Narva, Triin"]
[WhiteElo "1865"]
[BlackElo "2065"]
[Result "0-1"]
[PlyCount "112"]
[EventDate "2012.11.08"]

1. e4 d6 2. d4 Nf6 3. Nc3 e5 4. dxe5 dxe5 5. Qxd8+ Kxd8 6. Nf3 Bd6 7. Bg5 Nbd7
8. O-O-O Ke8 9. Nb5 a6 10. Nxd6+ cxd6 11. Nd2 h6 12. Bxf6 Nxf6 13. f3 b5 14. c4
Bd7 15. b3 Ke7 16. Kb2 Rhb8 17. Nb1 b4 18. Nd2 Ne8 19. g3 Nc7 20. h4 a5 21. Bh3
Be8 22. Nf1 Bc6 23. h5 a4 24. Ne3 g6 25. Bg2 Rh8 26. Ng4 Ne6 27. hxg6 fxg6 28.
Rxh6 Rxh6 29. Nxh6 Nc5 30. f4 axb3 31. axb3 Ra3 32. Ng8+ Kf7 33. Rxd6 Rxb3+ 34.
Ka2 Ra3+ 35. Kb1 Bxe4+ 36. Bxe4 Nxe4 37. Rd8 exf4 38. gxf4 Rh3 39. Rb8 Rh8 40.
Rxb4 Rxg8 41. Kc2 Rd8 42. Kc1 Kf6 43. Rb3 Rc8 44. Rb4 Kf5 45. Kc2 Kxf4 46. Rb6
Rxc4+ 47. Kd3 Rc3+ 48. Ke2 g5 49. Rb8 Re3+ 50. Kf1 Kg3 51. Rd8 g4 52. Rd5 Nc3
53. Rd2 Ne2 54. Rd1 Kf3 55. Ra1 g3 56. Ke1 Nc1+ 0-1

[Event "C.to Mondiale U18 femminile"]
[Site "Maribor SLO"]
[Date "2012.11.12"]
[Round "6"]
[White "Leks, Maria"]
[Black "Brunello, Marina"]
[WhiteElo "2069"]
[BlackElo "2248"]
[Result "0-1"]
[PlyCount "160"]
[EventDate "2012.11.08"]

1. e4 c5 2. Nf3 d6 3. d4 cxd4 4. Nxd4 Nf6 5. f3 e6 6. c4 Be7 7. Nc3 Nbd7 8. Be3
a6 9. Be2 Qc7 10. Qd2 b6 11. O-O Bb7 12. a4 O-O 13. a5 Rfe8 14. Rfc1 Rab8 15.
b4 bxa5 16. Rxa5 Qd8 17. Na4 Ne5 18. c5 dxc5 19. bxc5 Qc7 20. c6 Bc8 21. Nc5
Bxc5 22. Rcxc5 Rb1+ 23. Bf1 Ng6 24. Qc2 Qb6 25. Ra3 Rb4 26. Nb5 axb5 27. Rxb5
Qxb5 28. Bxb5 Rxb5 29. Ra8 Ne7 30. h3 h6 31. Qd3 Rb2 32. Bd4 Rd8 33. Qc4 Rd2
34. Bxf6 gxf6 35. Qc5 Ng6 36. c7 Rf8 37. Qc3 Rd1+ 38. Kh2 Kg7 39. Rb8 e5 40.
Qc6 Ne7 41. Qc5 Ng6 42. h4 Rg8 43. Qc2 Rd7 44. g3 Re8 45. Kg1 h5 46. Qa4 Nf8
47. g4 Rde7 48. gxh5 Ne6 49. Rb2 Nxc7 50. Rg2+ Kh7 51. Qc6 Ne6 52. Kh2 Rd8 53.
f4 Rc7 54. Qb6 exf4 55. Qb1 Nd4 56. Qd3 Rc1 57. Rf2 Ne6 58. Qf3 Rdd1 59. Rb2
Rf1 60. Qd3 Rcd1 61. Qc2 Rh1+ 62. Kg2 Rdg1+ 63. Kf2 Rh2+ 64. Kxg1 Rxc2 65. Rxc2
Bb7 66. Rc4 Kh6 67. Rb4 Bc6 68. Rc4 Bd7 69. Rb4 Kxh5 70. Rb7 Nf8 71. Kf2 Kxh4
72. Ra7 Kg4 73. Ra1 Ng6 74. Rg1+ Kh5 75. Ra1 Kg5 76. Ra5+ Ne5 77. Rd5 Bc6 78.
Rd4 Ng4+ 79. Kf1 Kh4 80. Rb4 Kg3 0-1

[Event "C.to Mondiale U18 femminile"]
[Site "Maribor SLO"]
[Date "2012.11.12"]
[Round "6"]
[White "Zpevakova, Jana"]
[Black "Santeramo, Alessia Carmen"]
[WhiteElo "1921"]
[BlackElo "1865"]
[Result "1/2-1/2"]
[PlyCount "120"]
[EventDate "2012.11.08"]

1. d4 d5 2. c4 c6 3. Nf3 Nf6 4. Nc3 dxc4 5. a4 Bf5 6. e3 e6 7. Bxc4 Bb4 8. O-O
Qc7 9. Qe2 O-O 10. h3 Nbd7 11. Nh4 Bg6 12. Nxg6 hxg6 13. e4 Rac8 14. f4 Rfe8
15. e5 Nd5 16. Ne4 Be7 17. Kh1 c5 18. dxc5 Nxc5 19. Nxc5 Qxc5 20. b3 Qd4 21.
Bb2 Qe3 22. Rae1 Qxe2 23. Rxe2 Nb6 24. Bd3 Red8 25. Be4 Nd5 26. g3 Nc3 27. Bxc3
Rxc3 28. Kg2 Rxb3 29. Rc1 a5 30. Rc7 Bb4 31. Rec2 b6 32. Rc8 Rxc8 33. Rxc8+ Bf8
34. Rb8 Re3 35. Bc6 g5 36. Rxb6 gxf4 37. gxf4 g5 38. fxg5 Rxe5 39. h4 Bb4 40.
Kf3 Be1 41. Kg4 Rc5 42. Rb8+ Kg7 43. Bb5 Rd5 44. h5 Bd2 45. g6 fxg6 46. hxg6
Kxg6 47. Kf3 Kf5 48. Ke2 Bb4 49. Bd3+ Kf6 50. Rb5 Rd8 51. Rb7 Ke5 52. Rf7 Kd4
53. Bb5 Rh8 54. Rd7+ Ke5 55. Rf7 Rh3 56. Rf3 Rh2+ 57. Rf2 Rh7 58. Rf3 Re7 59.
Re3+ Kd4 60. Rd3+ Ke5 1/2-1/2

[Event "C.to Mondiale U18 femminile"]
[Site "Maribor SLO"]
[Date "2012.11.14"]
[Round "7"]
[White "Brunello, Marina"]
[Black "Enkhtuul, Altanulzii"]
[WhiteElo "2248"]
[BlackElo "2134"]
[Result "1-0"]
[PlyCount "175"]
[EventDate "2012.11.08"]

1. e4 c6 2. d4 d5 3. e5 Bf5 4. Nd2 e6 5. Nb3 Nd7 6. Nf3 a6 7. Be2 Qc7 8. O-O h6
9. Be3 Ne7 10. a4 Bh7 11. Rc1 Nf5 12. a5 Bb4 13. Bd2 Be7 14. c4 dxc4 15. Bxc4
O-O 16. Qe2 Rfd8 17. Rfd1 Nf8 18. h3 Ng6 19. g3 Nf8 20. h4 Bg6 21. Bc3 Bh5 22.
Qe4 Bxf3 23. Qxf3 Qd7 24. Rd3 Rab8 25. Qg4 Kh8 26. Rcd1 Nh7 27. Nd2 Qc7 28. Ne4
Qd7 29. Qh5 Kg8 30. Kh2 Qe8 31. Qe2 Qf8 32. Qd2 h5 33. Qe2 g6 34. Qd2 Rd7 35.
Qf4 Rbd8 36. Kg1 Qh6 37. Qf3 g5 38. hxg5 Nxg5 39. Nxg5 Qxg5 40. R3d2 Qg4 41.
Qxg4+ hxg4 42. Be2 Bg5 43. Rd3 Nh6 44. Kg2 Kg7 45. Bb4 Nf5 46. Bc5 Be7 47. Bb6
Rc8 48. Bxg4 Nh6 49. Bf3 Bd8 50. Bxd8 Rcxd8 51. g4 Ng8 52. Be4 Ne7 53. f4 Nd5
54. Kf3 Rh8 55. Kg3 Nb4 56. R3d2 Rhd8 57. f5 exf5 58. gxf5 Rg8 59. Kf3 Kf8 60.
f6 Nd5 61. Rh1 Nc7 62. Rh4 Ke8 63. Rdh2 Ne6 64. Rh8 Kf8 65. Rxg8+ Kxg8 66. Bh7+
Kf8 67. Rg2 Ke8 68. Rg8+ Nf8 69. Ke3 c5 70. dxc5 Rd1 71. Bc2 Re1+ 72. Kd4 Ra1
73. b4 Ra2 74. Kc3 Ra3+ 75. Kb2 Re3 76. Ba4+ Kd8 77. Rxf8+ Kc7 78. Rxf7+ Kb8
79. Re7 Re2+ 80. Bc2 Ka7 81. f7 Rf2 82. e6 Rf4 83. Ka3 Rf3+ 84. Bb3 Rh3 85. Ka4
Rh1 86. Rxb7+ Kxb7 87. Bd5+ Kc7 88. Bxh1 1-0

[Event "C.to Mondiale U18 femminile"]
[Site "Maribor SLO"]
[Date "2012.11.14"]
[Round "7"]
[White "Santeramo, Alessia Carmen"]
[Black "Bengtsson, Jessica"]
[WhiteElo "1865"]
[BlackElo "1908"]
[Result "1/2-1/2"]
[PlyCount "91"]
[EventDate "2012.11.08"]

1. e4 c5 2. Nf3 Nc6 3. Bb5 g6 4. O-O Bg7 5. Re1 e5 6. c3 Nge7 7. d3 O-O 8. Nbd2
d6 9. Nf1 Kh8 10. Ng3 f5 11. exf5 Nxf5 12. Bg5 Qb6 13. Bxc6 Qxc6 14. Qd2 Nxg3
15. hxg3 Bg4 16. Nh4 Rf7 17. Bh6 Raf8 18. f3 Bf5 19. Bxg7+ Kxg7 20. d4 cxd4 21.
cxd4 Qb6 22. Kh2 exd4 23. Rad1 Bd7 24. f4 Rc8 25. Re4 Bg4 26. Rde1 Rcc7 27.
Rxd4 Rc6 28. b3 Qc7 29. Rd5 Qd8 30. Qd4+ Qf6 31. Qxa7 Ra6 32. Qb8 Bd7 33. a4
Rb6 34. Nf3 h6 35. Nd4 h5 36. Qa7 Rb4 37. Nf3 Rxb3 38. Ng5 Rf8 39. Qd4 Qxd4 40.
Rxd4 Re8 41. Rc1 Bc6 42. Rxd6 Rb2 43. Ne6+ Kh7 44. Ng5+ Kg7 45. Ne6+ Kh7 46.
Ng5+ 1/2-1/2

[Event "C.to Mondiale U18 femminile"]
[Site "Maribor SLO"]
[Date "2012.11.15"]
[Round "8"]
[White "Badamkhand, Norovsambuu"]
[Black "Santeramo, Alessia Carmen"]
[WhiteElo "1920"]
[BlackElo "1865"]
[Result "1-0"]
[PlyCount "69"]
[EventDate "2012.11.08"]

1. d4 d5 2. c4 c6 3. Nc3 dxc4 4. a4 e5 5. dxe5 Qxd1+ 6. Nxd1 Nd7 7. Bf4 Bb4+ 8.
Nc3 Ne7 9. Nf3 O-O 10. e4 b5 11. axb5 cxb5 12. Nd4 Ng6 13. Bd2 Ngxe5 14. Ndxb5
Nc5 15. Nd5 Bxd2+ 16. Kxd2 Nb3+ 17. Kc3 Nxa1 18. f4 Ng6 19. Bxc4 Be6 20. Rxa1
Bxd5 21. exd5 a6 22. Nc7 Ra7 23. Nxa6 Nxf4 24. g3 Ng6 25. Re1 Rc8 26. Nb4 Kf8
27. Nc6 Rac7 28. b4 Ne7 29. b5 Nxc6 30. dxc6 Re8 31. Ra1 f5 32. Bd5 Rb8 33. Kc4
Ke7 34. Kc5 Rcc8 35. b6 1-0

[Event "C.to Mondiale U18 femminile"]
[Site "Maribor SLO"]
[Date "2012.11.15"]
[Round "8"]
[White "Brunello, Marina"]
[Black "Goryachkina, Aleksandra"]
[WhiteElo "2248"]
[BlackElo "2378"]
[Result "0-1"]
[PlyCount "72"]
[EventDate "2012.11.08"]

1. e4 c6 2. d4 d5 3. e5 Bf5 4. Nd2 e6 5. Nb3 Nd7 6. Nf3 a6 7. Be2 c5 8. dxc5
Bxc5 9. O-O Ne7 10. c3 O-O 11. Nxc5 Nxc5 12. Be3 Nd7 13. Bd4 Nc6 14. Qd2 Rc8
15. Qe3 Qc7 16. Rac1 h6 17. Rfe1 Na5 18. Nd2 b5 19. f4 Nc6 20. Nf3 Qa5 21. a3
Bg4 22. Bd3 Bxf3 23. gxf3 Qd8 24. Kh1 Nxd4 25. Qxd4 f5 26. b3 Qb6 27. Kg2 Rc6
28. Qb4 Rfc8 29. Rc2 Nc5 30. Bf1 Qc7 31. Rb1 Kf7 32. c4 Nd7 33. Rbc1 g5 34. Qd2
gxf4 35. Qxf4 Qxe5 36. Qxh6 Rh8 0-1

[Event "C.to Mondiale U18 femminile"]
[Site "Maribor SLO"]
[Date "2012.11.16"]
[Round "9"]
[White "Santeramo, Alessia Carmen"]
[Black "Pereira Martins, Susana"]
[WhiteElo "1865"]
[BlackElo "1571"]
[Result "1-0"]
[PlyCount "119"]
[EventDate "2012.11.08"]

1. e4 c5 2. Nf3 e6 3. Nc3 a6 4. d4 cxd4 5. Nxd4 d6 6. g4 Nc6 7. Be3 Qc7 8. g5
b5 9. Nxc6 Qxc6 10. f3 Bb7 11. Qd2 Ne7 12. O-O-O Ng6 13. Ne2 Ne5 14. Nd4 Qc7
15. h4 Rc8 16. h5 Nxf3 17. Nxf3 Bxe4 18. Rh2 Bxf3 19. Re1 Bd5 20. Kb1 Rb8 21.
g6 Be7 22. Bd3 b4 23. gxh7 Qa5 24. b3 Bf6 25. Qf2 Ke7 26. h6 Bxb3 27. cxb3 Qe5
28. Bc4 Qa1+ 29. Kc2 Qxa2+ 30. Kd1 Qxf2 31. Rxf2 Rxh7 32. Ref1 Rf8 33. Bxa6 Bh4
34. Rh2 Bf6 35. hxg7 Rxh2 36. gxf8=Q+ Kxf8 37. Rxf6 Rb2 38. Rf3 Ke8 39. Bb5+
Ke7 40. Bg5+ Kf8 41. Bf6 Rg2 42. Rh3 Rg6 43. Rh8+ Rg8 44. Be7+ Kg7 45. Rxg8+
Kxg8 46. Bxd6 f5 47. Bxb4 Kf7 48. Bc3 Ke7 49. Be5 Kd8 50. Bc4 Kd7 51. b4 Kc6
52. Kc2 Kb6 53. Kb3 Kc6 54. Bxe6 f4 55. Bxf4 Kb5 56. Bc4+ Kb6 57. Ka4 Kb7 58.
Kb5 Ka7 59. Be3+ Kb7 60. Bd5+ 1-0

[Event "C.to Mondiale U18 femminile"]
[Site "Maribor SLO"]
[Date "2012.11.16"]
[Round "9"]
[White "Severina, Maria"]
[Black "Brunello, Marina"]
[WhiteElo "2196"]
[BlackElo "2248"]
[Result "1-0"]
[PlyCount "43"]
[EventDate "2012.11.08"]

1. c4 c5 2. Nf3 g6 3. d4 cxd4 4. Nxd4 Bg7 5. Nc3 Nc6 6. Nc2 d6 7. e4 Nf6 8. Be2
Be6 9. O-O Nd7 10. f4 Nc5 11. f5 Bc8 12. Be3 b6 13. fxg6 Be6 14. gxf7+ Kd7 15.
Nd4 Nxd4 16. Bxd4 Qf8 17. e5 a5 18. Bg4 Bxg4 19. Qxg4+ Kd8 20. exd6 Bxd4+ 21.
Qxd4 exd6 22. Qxh8 1-0

[Event "C.to Mondiale U18 femminile"]
[Site "Maribor SLO"]
[Date "2012.11.17"]
[Round "10"]
[White "Ivekovic, Tihana"]
[Black "Santeramo, Alessia Carmen"]
[WhiteElo "2014"]
[BlackElo "1865"]
[Result "1/2-1/2"]
[PlyCount "67"]
[EventDate "2012.11.08"]

1. d4 d5 2. c4 c6 3. Nc3 dxc4 4. a4 e5 5. Nf3 exd4 6. Nxd4 Nf6 7. e3 Bb4 8.
Bxc4 O-O 9. O-O Qc7 10. Qc2 Ng4 11. Nf3 h6 12. h3 Ne5 13. Nxe5 Qxe5 14. Rd1 Nd7
15. f4 Qe7 16. Qe4 Re8 17. Qxe7 Rxe7 18. Kf2 a6 19. Na2 Ba5 20. b4 Bc7 21. Bb2
Nb6 22. Bb3 Be6 23. Bxe6 Rxe6 24. a5 Nd5 25. Bd4 Bd6 26. Rab1 Rae8 27. Ba7 Nxe3
28. Bxe3 Rxe3 29. Rxd6 Re2+ 30. Kf1 Rxa2 31. Re1 Rxe1+ 32. Kxe1 c5 33. bxc5
Rxa5 34. c6 1/2-1/2

[Event "C.to Mondiale U18 femminile"]
[Site "Maribor SLO"]
[Date "2012.11.17"]
[Round "10"]
[White "Neuhauser, Salome"]
[Black "Brunello, Marina"]
[WhiteElo "2008"]
[BlackElo "2248"]
[Result "0-1"]
[PlyCount "68"]
[EventDate "2012.11.08"]

1. e4 c5 2. Nf3 d6 3. d4 cxd4 4. Nxd4 Nf6 5. Nc3 a6 6. Be3 e5 7. Nb3 Be7 8. h3
Be6 9. Qf3 Nbd7 10. g4 h6 11. O-O-O b5 12. Nd5 Bxd5 13. exd5 Nb6 14. h4 g6 15.
g5 hxg5 16. hxg5 Nh5 17. Na5 Bxg5 18. Nc6 Bxe3+ 19. Qxe3 Qc7 20. Bg2 Nc4 21.
Qc3 Kd7 22. Qh3+ f5 23. Be4 Raf8 24. Rdg1 Kc8 25. Rxg6 Kb7 26. Re6 Nf4 27. Qxh8
Rxh8 28. Rxh8 Nxe6 29. dxe6 Qg7 30. Rb8+ Kc7 31. Kd1 Qg4+ 32. f3 Qg1+ 33. Ke2
Qg2+ 34. Ke1 Qd2+ 0-1

[Event "C.to Mondiale U18 femminile"]
[Site "Maribor SLO"]
[Date "2012.11.18"]
[Round "11"]
[White "Brunello, Marina"]
[Black "Arabidze, Meri"]
[WhiteElo "2248"]
[BlackElo "2391"]
[Result "1-0"]
[PlyCount "161"]
[EventDate "2012.11.08"]

1. e4 c5 2. Nf3 e6 3. d4 cxd4 4. Nxd4 Nc6 5. Nc3 a6 6. Be2 d6 7. O-O Nf6 8. Be3
Be7 9. f4 O-O 10. Kh1 Bd7 11. a4 Rc8 12. Bf3 Na5 13. Bg1 Qc7 14. Qe1 Nc4 15.
Nd1 e5 16. Nf5 Bxf5 17. exf5 exf4 18. Bd4 Rfe8 19. b3 Ne5 20. Nc3 Qd7 21. Qd2
Nxf3 22. Rxf3 Qxf5 23. Rxf4 Qh5 24. Rf3 Ng4 25. Rh3 Qf5 26. Rf3 Bg5 27. Qd1 Qe6
28. Qf1 Bf6 29. Bxf6 Nxf6 30. Rd1 Rc5 31. h3 Qe5 32. Qd3 Re6 33. Rd2 h5 34. Ne2
Rd5 35. Nd4 Qe1+ 36. Kh2 Re4 37. c3 Rh4 38. Rf1 Qe5+ 39. Kg1 Re4 40. Rdf2 Re3
41. Qd2 Qg3 42. Rf3 Rxf3 43. Rxf3 Qg6 44. c4 Rg5 45. Re3 Re5 46. Rf3 Ne4 47.
Qd1 h4 48. Ne2 Ng5 49. Rc3 Qe4 50. Kf1 Ne6 51. Rd3 Qxe2+ 52. Qxe2 Rxe2 53. Kxe2
Nf4+ 54. Ke3 Nxd3 55. Kxd3 Kf8 56. Ke4 Ke7 57. Kf5 a5 58. Kg5 Ke6 59. Kxh4 Kf5
60. Kg3 Ke4 61. h4 Kd3 62. Kf4 Kc3 63. h5 Kxb3 64. g4 f6 65. Kf5 Kxa4 66. Kg6
Kb3 67. Kxg7 a4 68. h6 a3 69. h7 a2 70. h8=Q a1=Q 71. Kf7 Qd4 72. Qc8 b6 73.
Qe6 Ka4 74. Qd7+ Kb4 75. Qe6 Qe5 76. Qxf6 Kxc4 77. g5 Qh2 78. g6 d5 79. Qc6+
Kd4 80. g7 Qh5+ 81. Qg6 1-0

[Event "C.to Mondiale U18 femminile"]
[Site "Maribor SLO"]
[Date "2012.11.18"]
[Round "11"]
[White "Santeramo, Alessia Carmen"]
[Black "Lugo Lozano, Luz Adriana"]
[WhiteElo "1865"]
[BlackElo "1961"]
[Result "1-0"]
[PlyCount "55"]
[EventDate "2012.11.08"]

1. e4 Nf6 2. e5 Nd5 3. d4 d6 4. Nf3 Nc6 5. c4 Nb6 6. exd6 exd6 7. Be2 Be7 8.
O-O O-O 9. Nc3 Bg4 10. b3 Re8 11. h3 Bh5 12. Be3 Bf6 13. Qd2 Qd7 14. Rac1 Re7
15. g4 Bxg4 16. hxg4 Qxg4+ 17. Kh1 Rae8 18. Rg1 Qh3+ 19. Nh2 Rxe3 20. fxe3 Rxe3
21. Bg4 Qh6 22. Nd1 Bg5 23. Nxe3 Bxe3 24. Rce1 f5 25. Qxe3 Qxe3 26. Rxe3 fxg4
27. Nxg4 g6 28. Nf6+ 1-0